| 000 | 00504nam a2200193Ia 4500 | ||
|---|---|---|---|
| 003 | BUBTL | ||
| 008 | 151213s9999 xx 000 0 und d | ||
| 082 | _a677SMT | ||
| 100 |
_aSmith,J.L. _91126 |
||
| 245 |
_aTextile Processing _bPrinting,Dyeing,Finishing |
||
| 260 |
_aIndia _bAbhishek Publications _cc2006 |
||
| 300 |
_a158p. _c22cm. |
||
| 650 | _aTextiles | ||
| 650 | _aTextiles | ||
| 700 |
_aSmith,J.L. _91127 |
||
| 856 |
_k0 _l0 _yDownload |
||
| 942 |
_2ddc _cBK |
||
| 999 |
_c3941 _d3941 |
||